| 000 | 00579nam a22001817a 4500 | ||
|---|---|---|---|
| 003 | CEME | ||
| 005 | 20210628205040.0 | ||
| 008 | 210224b xxu||||| |||| 00| 0 eng d | ||
| 020 | _a0-13-036997-7 | ||
| 040 | _c. | ||
| 082 | _a005.73 LAN'D | ||
| 100 |
_aAngenstein, Moshe J Tenenbaum, Aaron M Langsam, Yedidyah _973618 |
||
| 245 | _aData structures using c and c plus plus | ||
| 250 | _a2ND | ||
| 260 |
_aNEWJERSCY _bPRENTICE HALL _c1996 |
||
| 650 |
_aDATA STRUCTURES (COMPUTER SCIENCE) C++ (COMPUTER PROGRAM LANGUAGE) C (COMPUTER PROGRAM LANGUAGE _973619 |
||
| 942 |
_cBK _2ddc |
||
| 999 |
_c579292 _d579292 |
||